banner-ar

اسس صناعة السينما: دليل للتكنولوجيا السينمائية / (Record no. 49928)

MARC details
000 -الفاتح
حقل البيانات ثابتة الطول 00776nam a2200229Ia 4500
008 - عناصر البيانات ثابتة الطول - معلومات عامة
حقل البيانات ثابتة الطول 140319s9999 xx 000 0 ara d
040 ## - مصدر الفهرسة
وكالة الفهرسة الأصلية GCL /
وكالة النسخ GCL
082 04 - رقم تصنيف ديوى العشرى
رقم التصنيف 778.53
رقم المادة ه ا
100 1# - المدخل الرئيسى - إسم شخصى
الإسم الشخصى هويلر، ليزلى ج
245 10 - بيان العنوان
العنوان اسس صناعة السينما: دليل للتكنولوجيا السينمائية /
بيان المسئوليه,etc هويلر، ليزلى ج
700 1# - المدخل الاضافى - اسم شخصى
الإسم الشخصى سعد عبدالرحمن قلج
700 1# - المدخل الاضافى - اسم شخصى
الإسم الشخصى وديد محمد سرى
700 1# - المدخل الاضافى - اسم شخصى
الإسم الشخصى نصرى عبدالنور
300 ## - الوصف المادى
التعداد 363 ص
490 ## - بيان السلسلة
عنوان السلسلة المكتبة العربية
رقم المجلد/ التعيين التسلسلي 0
650 04 - المدخل الاضافى بالموضوع-مصطلح موضوعى
مصطلح موضوعي السينما
650 04 - المدخل الاضافى بالموضوع-مصطلح موضوعى
مصطلح موضوعي التصوير السينمائى
650 04 - المدخل الاضافى بالموضوع-مصطلح موضوعى
مصطلح موضوعي الافلام - تحميض وطبع
650 04 - المدخل الاضافى بالموضوع-مصطلح موضوعى
مصطلح موضوعي التصوير - تحميض وطبع
942 ## - عناصر المدخل الإضافي( كوها)
مصدر التصنيف او مخطط الترفيف Dewey Decimal Classification
Koha [default] item type كتاب
Holdings
حالة التراجع حالة الفقد حالة تلف ليس للاعارة المكان المؤقت الموقع الحالى تاريخ الاكتساب اجمالي اﻻعارات رقم الطلب الباركود تاريخ اخر مشاهدة تاريخ تفعيل السعر نوع وعاء كوها
        مكتبة القاهرة الكبرى مكتبة القاهرة الكبرى 03/26/2014   778.53\ه ا 119764 03/26/2014 03/26/2014 كتاب

Powered By

EGPV